| 000 | 00452nam a22001577a 4500 | ||
|---|---|---|---|
| 020 | _a8129705818 | ||
| 040 | _cNUST | ||
| 082 | _a621.3815 BOG | ||
| 100 |
_a Bogart, Theodore F. _983343 |
||
| 110 |
_a Beasley, Jeffrey S Rico, Guillermo _998770 |
||
| 245 | _aElectronic Devices and Circuits | ||
| 250 | _a6th Edition | ||
| 260 |
_aNEW DELHI: _bPEARSON EDUCATION, _c2004. |
||
| 650 |
_aElectronic Apparatus and Appliances _910193 |
||
| 942 |
_2ddc _cBK |
||
| 999 |
_c591353 _d591353 |
||